2001 population census main tables

Enregistré dans:
Détails bibliographiques
Format: Livre
Langue:anglais
Chinois
Publié: Hongkong Census and Statistics Department 2002
Sujets:
Tags: Ajouter un tag
Pas de tags, Soyez le premier à ajouter un tag!

MARC

LEADER 00000nam a2200000 4500
001 c142127
005 20221124093435.6
041 0 |a eng 
041 0 |a chi 
044 |a HK 
245 1 0 |a 2001 population census  |b main tables 
264 1 |a Hongkong  |b Census and Statistics Department  |c 2002 
300 |a 351 s. 
610 2 0 |a populácia 
610 2 0 |a demografia 
610 2 0 |a sčítanie ľudu 
610 2 0 |a plánovanie 
610 2 0 |a dáta 
610 2 0 |a koncepcie 
610 2 0 |a štatistika 
610 2 0 |a metódy 
610 2 0 |a spracovanie dát 
610 2 0 |a Hongkong 
610 2 0 |a 2001